<The> distributional effects of agricultural policy reforms in Switzerland
Článok analyzuje vplyvy reforiem poľnohospodárskej politiky vo Švajčiarsku. Vplyvy príjmov fariem a priamych platieb na distribúciu príjmov domácich fariem. Kalkulácia Giniho koeficientu a Giniho elasticity.
Na minha lista:
| Autor principal: | |
|---|---|
| Formato: | Capítulo de Livro |
| Idioma: | inglês |
| Assuntos: | |
| Tags: |
Sem tags, seja o primeiro a adicionar uma tag!
|
MARC
| LEADER | 00000naa a2200000 4500 | ||
|---|---|---|---|
| 001 | 0165604 | ||
| 005 | 20231211070507.5 | ||
| 041 | 0 | |a eng | |
| 044 | |a CZ | ||
| 245 | 1 | 0 | |a <The> distributional effects of agricultural policy reforms in Switzerland |c Nadja El Benni ... [et al.] |
| 520 | |a Článok analyzuje vplyvy reforiem poľnohospodárskej politiky vo Švajčiarsku. Vplyvy príjmov fariem a priamych platieb na distribúciu príjmov domácich fariem. Kalkulácia Giniho koeficientu a Giniho elasticity. | ||
| 610 | 2 | 0 | |a politika poľnohospodárska |
| 610 | 2 | 0 | |a reformy poľnohospodárske |
| 610 | 2 | 0 | |a Švajčiarsko |
| 610 | 2 | 0 | |a platby priame |
| 610 | 2 | 0 | |a príjmy |
| 610 | 2 | 0 | |a farmy |
| 610 | 2 | 0 | |a farmy rodinné |
| 100 | 1 | |a El Benni, Nadja | |